Del "carril" de Mataró al directo de Madrid (Record no. 183266)

MARC details
000 -LEADER
campo de control de longitud fija 00835nam a2200217 i 4500
001 - NÚMERO DE CONTROL
campo de control 183266
003 - IDENTIFICADOR DE NÚMERO DE CONTROL
campo de control ES-MaACL
005 - FECHA Y HORA DE LA ÚLTIMA TRANSACCIÓN
campo de control 20230906221841.0
008 - DATOS DE LONGITUD FIJA--INFORMACIÓN GENERAL
campo de control de longitud fija 140204s1946 sp |||| | spa d
080 ## - NÚMERO DE LA CLASIFICACIÓN DECIMAL UNIVERSAL
Número de la Clasificación Decimal Universal 656.2(460.235 B.)(09)
100 1# - ENTRADA PRINCIPAL--NOMBRE DE PERSONA
Nombre de persona Dalmau, Antonio R.
9 (RLIN) 154366
245 10 - MENCIÓN DEL TÍTULO
Título Del "carril" de Mataró al directo de Madrid
Resto del título : historia anecdótica de los ferrocarriles de Barcelona /
Mención de responsabilidad, etc. por Antonio R. Dalmau.
260 ## - PUBLICACIÓN, DISTRIBUCIÓN, ETC.
Lugar de publicación, distribución, etc. Barcelona :
Nombre del editor, distribuidor, etc. Librería Millá,
Fecha de publicación, distribución, etc. 1946 (
Fabricante [Favencia])
300 ## - DESCRIPCIÓN FÍSICA
Extensión 91 p., [5 h. de lám.] :
Otras características físicas il. ;
Dimensiones 22 cm.
490 1# - MENCIÓN DE SERIE
Mención de serie Monografías históricas de Barcelona ;
Designación de volumen o secuencia 15
500 ## - NOTA GENERAL
Nota general Las 5 lám. de col. ; 2 pleg.
650 #4 - PUNTO DE ACCESO ADICIONAL DE MATERIA--TÉRMINO DE MATERIA
Término de materia o nombre geográfico como elemento de entrada Ferrocarriles-
Subdivisión geográfica Cataluña-
Subdivisión de forma Historia.
9 (RLIN) 154367
830 0# - PUNTO DE ACCESO ADICIONAL DE SERIE-TÍTULO UNIFORME
Título uniforme Monografías históricas de Barcelona ;
Designación de volumen o secuencia 15
9 (RLIN) 191895
852 ## - LOCALIZACIÓN
Ubicación ES-MaACL
Número de control de estantería E-4179
Holdings
Estatus retirado Estado de pérdida Estado de daño No para préstamo Biblioteca de origen Biblioteca actual Ubicación en estantería Fecha de adquisición Fuente de adquisición Total de préstamos Signatura topográfica completa Código de barras Visto por última vez Precio de reemplazo Tipo de ítem Koha
        Biblioteca del Ateneo de Madrid Biblioteca del Ateneo de Madrid Depósito 2 04/02/2014     E-4179 1192612 23/02/2023 23/02/2023 Libro impreso